|
|
|
|
| LEADER |
00000nam0a2200000 4500 |
| 001 |
358073 |
| 005 |
20231102011045.0 |
| 035 |
|
|
|a (RuTPU)RU\TPU\retro\15341
|
| 090 |
|
|
|a 358073
|
| 100 |
|
|
|a 20200812d1903 km y0rusy50 ca
|
| 101 |
0 |
|
|a rus
|
| 102 |
|
|
|a RU
|
| 105 |
|
|
|a a z 001zy
|
| 200 |
1 |
|
|a Лабрадор и каолин Елисаветградского уезда Херсонской губернии
|f Я. В. Самойлов
|
| 210 |
|
|
|a Москва
|c Типо-литография Т-ва И. Н. Кушнерев и ко
|d 1903
|
| 215 |
|
|
|a 12 с.
|c ил.
|
| 300 |
|
|
|a Текст в русской дореформенной орфографии
|
| 316 |
|
|
|5 63413507: 41//556
|a На обложке дарственная надпись: "Многоуважаемому профессору Аркадию Валерьяновичу Лаврскому от автора"
|
| 317 |
|
|
|5 63413507: 41//556
|a Поступил в НТБ в 1945 г. в составе книжного собрания профессора ТПИ А. В. Лаврского
|
| 320 |
|
|
|a Библиография в ссылках
|
| 606 |
1 |
|
|a Каолин
|x Месторождения
|2 stltpush
|3 (RuTPU)RU\TPU\subj\13760
|9 40327
|
| 610 |
1 |
|
|a лабрадор
|
| 610 |
1 |
|
|a Херсонская губерния
|
| 610 |
1 |
|
|a пласты
|
| 610 |
1 |
|
|a обнажения
|
| 610 |
1 |
|
|a кустарная добыча
|
| 610 |
1 |
|
|a Коллекция А. В. Лаврского
|
| 610 |
1 |
|
|a дарственные надписи
|
| 610 |
1 |
|
|a дары автора
|
| 675 |
|
|
|a 553.612
|v 4
|
| 700 |
|
1 |
|a Самойлов
|b Я. В.
|c минералог
|c профессор Московского университета
|c основатель Научного института по удобрениям (1919)
|c ученик и друг В. И. Вернадского
|f 1870-1925
|g Яков Владимирович
|2 stltpush
|3 (RuTPU)RU\TPU\pers\21908
|9 9245
|
| 801 |
|
1 |
|a RU
|b 63413507
|c 20200812
|
| 801 |
|
2 |
|a RU
|b 63413507
|c 20211008
|g RCR
|
| 942 |
|
|
|c BK
|